{"text_format":"3","workbook":"xls","n_sheets":1,"sheets":["Sheet1"],"read":"whole","date_system":"1900","formulas":"cached_only"}

{"sheet":"Sheet1","index":0,"n_rows":339,"n_cols":10,"rows_kept":339,"flags":["formulas_cached_only"]}
["SNP","effect_allele.exposure","other_allele.exposure","beta.exposure","se.exposure","pval.exposure","samplesize.exposure","eaf.exposure","R²","F value"]
["Exposures"]
["Age at first sexual intercourse"]
["rs1156981","G","A",-0.0207,0.0035,{"v":1.6e-09,"d":"1.60E-09"},397338,0.8857,{"v":8.8e-05,"d":"8.80E-05"},34.97859944]
["rs10922907","T","A",0.0211,0.0021,{"v":2.1e-24,"d":"2.10E-24"},397338,0.503,0.000254013,100.9541404]
["rs2274568","A","G",-0.0129,0.0021,{"v":4.6e-10,"d":"4.60E-10"},397338,0.5527,{"v":9.5e-05,"d":"9.50E-05"},37.73450394]
["rs1962545","C","T",-0.0124,0.0021,{"v":4.2e-10,"d":"4.20E-10"},397338,0.5249,{"v":8.77e-05,"d":"8.77E-05"},34.86603765]
["rs803679","A","G",0.0175,0.0025,{"v":6.8e-12,"d":"6.80E-12"},397338,0.7535,0.000123305,48.99975336]
["rs7525548","T","A",0.0145,0.0021,{"v":2.9e-12,"d":"2.90E-12"},397338,0.5457,0.000119973,47.67549699]
["rs35077383","C","T",-0.011,0.0021,{"v":3.9e-08,"d":"3.90E-08"},397338,0.5149,{"v":6.9e-05,"d":"6.90E-05"},27.43750362]
["rs11240331","T","C",0.014,0.0024,{"v":2.2e-09,"d":"2.20E-09"},397338,0.2634,{"v":8.56e-05,"d":"8.56E-05"},34.0276065]
["rs12757779","A","G",0.0134,0.0025,{"v":3.7e-08,"d":"3.70E-08"},397338,0.1889,{"v":7.23e-05,"d":"7.23E-05"},28.72945539]
["rs6586405","A","C",-0.0122,0.0022,{"v":3e-08,"d":"3.00E-08"},397338,0.3241,{"v":7.74e-05,"d":"7.74E-05"},30.75191133]
["rs1392816","T","C",0.017,0.0021,{"v":6.2e-16,"d":"6.20E-16"},397338,0.3757,0.000164903,65.53254996]
["rs34517439","A","C",-0.0195,0.0032,{"v":8.2e-10,"d":"8.20E-10"},397338,0.0915,{"v":9.34e-05,"d":"9.34E-05"},37.13360215]
["rs12049116","T","C",0.0151,0.0025,{"v":1.9e-09,"d":"1.90E-09"},397338,0.7883,{"v":9.18e-05,"d":"9.18E-05"},36.48141637]
["rs147633738","T","C",-0.0242,0.0042,{"v":8.1e-09,"d":"8.10E-09"},397338,0.0527,{"v":8.35e-05,"d":"8.35E-05"},33.19937938]
["rs1931263","T","G",-0.0117,0.0021,{"v":1.7e-08,"d":"1.70E-08"},397338,0.4761,{"v":7.81e-05,"d":"7.81E-05"},31.04066008]
["rs10858054","T","G",0.0149,0.0027,{"v":2.3e-08,"d":"2.30E-08"},397338,0.1879,{"v":7.66e-05,"d":"7.66E-05"},30.45389335]
["rs6719762","C","T",-0.0221,0.0021,{"v":7.2e-27,"d":"7.20E-27"},397338,0.4692,0.000278654,110.7500094]
["rs359271","C","T",-0.0181,0.0021,{"v":4.1e-18,"d":"4.10E-18"},397338,0.5656,0.000186929,74.28760793]
["rs6747099","C","G",0.0123,0.0021,{"v":4.9e-09,"d":"4.90E-09"},397338,0.4632,{"v":8.63e-05,"d":"8.63E-05"},34.30594977]
["rs1320138","C","T",0.0148,0.0021,{"v":1.9e-12,"d":"1.90E-12"},397338,0.5746,0.000124989,49.66868423]
["rs4557006","A","G",-0.0118,0.0021,{"v":8.3e-09,"d":"8.30E-09"},397338,0.4652,{"v":7.95e-05,"d":"7.95E-05"},31.57353722]
["rs62134195","T","C",0.0318,0.0052,{"v":5.3e-10,"d":"5.30E-10"},397338,0.0427,{"v":9.41e-05,"d":"9.41E-05"},37.39774075]
["rs838042","A","G",0.0162,0.0022,{"v":3.9e-13,"d":"3.90E-13"},397338,0.6859,0.000136447,54.22286756]
["rs13394795","C","T",0.0134,0.0024,{"v":2.9e-08,"d":"2.90E-08"},397338,0.2356,{"v":7.85e-05,"d":"7.85E-05"},31.1734542]
["rs714393","T","C",0.0126,0.0021,{"v":1.5e-09,"d":"1.50E-09"},397338,0.4751,{"v":9.06e-05,"d":"9.06E-05"},35.99981879]
["rs1320330","G","T",-0.0178,0.0027,{"v":1.1e-10,"d":"1.10E-10"},397338,0.83,0.000109372,43.46205832]
["rs62177795","A","G",0.019,0.0025,{"v":9e-15,"d":"9.00E-15"},397338,0.2087,0.000145346,57.75970927]
["rs7566527","T","C",0.0137,0.0021,{"v":3.8e-11,"d":"3.80E-11"},397338,0.3867,0.000107102,42.55987648]
["rs7575189","A","G",0.0164,0.0021,{"v":1.9e-15,"d":"1.90E-15"},397338,0.5666,0.00015347,60.98835515]
["rs56306056","A","G",0.0157,0.0025,{"v":4.1e-10,"d":"4.10E-10"},397338,0.2078,{"v":9.92e-05,"d":"9.92E-05"},39.43820149]
["rs2091377","T","C",0.0118,0.0021,{"v":3.1e-08,"d":"3.10E-08"},397338,0.4354,{"v":7.95e-05,"d":"7.95E-05"},31.57353722]
["rs6744794","G","C",-0.0191,0.0021,{"v":1.3e-19,"d":"1.30E-19"},397338,0.6064,0.000208151,82.72293962]
["rs11688027","G","A",0.0224,0.004,{"v":1.4e-08,"d":"1.40E-08"},397338,0.0845,{"v":7.89e-05,"d":"7.89E-05"},31.35984215]
["rs1368546","C","T",0.0165,0.0021,{"v":2.5e-15,"d":"2.50E-15"},397338,0.5139,0.000155347,61.73438314]
["rs1226414","T","A",0.0144,0.0021,{"v":2.3e-12,"d":"2.30E-12"},397338,0.508,0.000118325,47.02017149]
["rs147725178","T","C",-0.0307,0.0054,{"v":5.7e-09,"d":"5.70E-09"},397338,0.0278,{"v":8.13e-05,"d":"8.13E-05"},32.3211679]
["rs12463727","A","G",0.0141,0.0021,{"v":5.9e-12,"d":"5.90E-12"},397338,0.5,0.000113446,45.08140573]
["rs4952343","G","A",0.0126,0.0021,{"v":2.2e-09,"d":"2.20E-09"},397338,0.4453,{"v":9.06e-05,"d":"9.06E-05"},35.99981879]
["rs11678980","A","G",-0.012,0.0021,{"v":1.2e-08,"d":"1.20E-08"},397338,0.4304,{"v":8.22e-05,"d":"8.22E-05"},32.65289687]
["rs6748341","G","C",0.0149,0.0022,{"v":1.1e-11,"d":"1.10E-11"},397338,0.329,0.00011543,45.86960383]
["rs34606772","T","C",-0.0118,0.0021,{"v":1.6e-08,"d":"1.60E-08"},397338,0.3986,{"v":7.95e-05,"d":"7.95E-05"},31.57353722]
["rs67723420","A","T",0.0146,0.0021,{"v":1.3e-11,"d":"1.30E-11"},397338,0.3807,0.000121634,48.33535761]
["rs705240","T","C",-0.015,0.0027,{"v":7e-09,"d":"7.00E-09"},397338,0.1799,{"v":7.77e-05,"d":"7.77E-05"},30.86404218]
["rs2188151","T","G",-0.021,0.0021,{"v":2.1e-24,"d":"2.10E-24"},397338,0.3966,0.000251612,99.99949665]
["rs12714592","C","A",-0.0217,0.0023,{"v":1.1e-20,"d":"1.10E-20"},397338,0.2883,0.000223979,89.01467482]
["rs112523595","C","T",0.024,0.0022,{"v":1.2e-28,"d":"1.20E-28"},397338,0.6302,0.000299424,119.0076654]
["rs9835772","T","A",-0.0138,0.0024,{"v":9.9e-09,"d":"9.90E-09"},397338,0.2475,{"v":8.32e-05,"d":"8.32E-05"},33.06233358]
["rs186723454","G","A",-0.0183,0.0029,{"v":5.1e-11,"d":"5.10E-11"},397338,0.1421,0.000100208,39.82025141]
["rs6776937","A","C",-0.0138,0.0025,{"v":1.2e-08,"d":"1.20E-08"},397338,0.2406,{"v":7.67e-05,"d":"7.67E-05"},30.47024663]
["rs12714702","G","A",-0.0242,0.0028,{"v":1.4e-17,"d":"1.40E-17"},397338,0.836,0.000187963,74.69860359]
["rs79269403","A","G",0.0206,0.0025,{"v":3.1e-17,"d":"3.10E-17"},397338,0.2227,0.000170852,67.89725824]
["rs4602427","G","C",-0.0172,0.0026,{"v":2.3e-11,"d":"2.30E-11"},397338,0.8141,0.000110129,43.76309333]
["rs56392241","C","A",-0.014,0.0021,{"v":8.9e-12,"d":"8.90E-12"},397338,0.3559,0.000111843,44.44422073]
["rs9809849","A","G",-0.014,0.0021,{"v":1.8e-11,"d":"1.80E-11"},397338,0.4105,0.000111843,44.44422073]
["rs2084572","G","A",0.014,0.0021,{"v":3.5e-11,"d":"3.50E-11"},397338,0.4443,0.000111843,44.44422073]
["rs2612030","C","T",0.024,0.0028,{"v":1.2e-17,"d":"1.20E-17"},397338,0.8569,0.00018487,73.46901795]
["rs7618715","A","G",0.0126,0.0021,{"v":1.9e-09,"d":"1.90E-09"},397338,0.3986,{"v":9.06e-05,"d":"9.06E-05"},35.99981879]
["rs34811474","A","G",0.0155,0.0024,{"v":1.3e-10,"d":"1.30E-10"},397338,0.2167,0.000104963,41.7098595]
["rs7671317","T","G",0.0122,0.0022,{"v":3.5e-08,"d":"3.50E-08"},397338,0.673,{"v":7.74e-05,"d":"7.74E-05"},30.75191133]
["rs10516875","G","T",-0.0148,0.0024,{"v":6.6e-10,"d":"6.60E-10"},397338,0.2435,{"v":9.57e-05,"d":"9.57E-05"},38.02758637]
["rs12511982","A","G",0.0115,0.0021,{"v":1.6e-08,"d":"1.60E-08"},397338,0.5328,{"v":7.55e-05,"d":"7.55E-05"},29.98851118]
["rs702","T","A",0.0181,0.0028,{"v":2.8e-10,"d":"2.80E-10"},397338,0.831,0.000105156,41.78677946]
["rs993700","C","T",0.0157,0.0025,{"v":2.9e-10,"d":"2.90E-10"},397338,0.7674,{"v":9.92e-05,"d":"9.92E-05"},39.43820149]
["rs11729080","A","G",0.0222,0.0027,{"v":4.1e-16,"d":"4.10E-16"},397338,0.1521,0.000170116,67.60459798]
["rs809955","A","G",0.0157,0.0021,{"v":1e-13,"d":"1.00E-13"},397338,0.339,0.00014065,55.8931427]
["rs13175535","A","G",0.0125,0.0023,{"v":4.4e-08,"d":"4.40E-08"},397338,0.3072,{"v":7.43e-05,"d":"7.43E-05"},29.53671333]
["rs7381195","A","T",-0.0136,0.0021,{"v":1.6e-10,"d":"1.60E-10"},397338,0.6362,0.000105544,41.94083197]
["rs12653396","A","T",-0.0199,0.0021,{"v":2e-21,"d":"2.00E-21"},397338,0.5507,0.000225948,89.79773394]
["rs12523398","A","T",0.0219,0.0027,{"v":1.1e-15,"d":"1.10E-15"},397338,0.175,0.00016555,65.7897923]
["rs2406374","T","C",0.0139,0.0022,{"v":4.3e-10,"d":"4.30E-10"},397338,0.3201,0.000100457,39.91922055]
["rs13178956","T","A",-0.0164,0.0024,{"v":4.2e-12,"d":"4.20E-12"},397338,0.2555,0.000117504,46.69420941]
["rs7704530","A","G",-0.0128,0.0023,{"v":2.9e-08,"d":"2.90E-08"},397338,0.7028,{"v":7.79e-05,"d":"7.79E-05"},30.97148872]
["rs1976423","C","A",-0.0114,0.0021,{"v":4e-08,"d":"4.00E-08"},397338,0.4846,{"v":7.42e-05,"d":"7.42E-05"},29.46923942]
["rs60775983","G","A",0.0178,0.0029,{"v":4.5e-10,"d":"4.50E-10"},397338,0.165,{"v":9.48e-05,"d":"9.48E-05"},37.67400775]
["rs12523097","C","T",-0.0138,0.0023,{"v":1.2e-09,"d":"1.20E-09"},397338,0.2773,{"v":9.06e-05,"d":"9.06E-05"},35.99981879]
["rs435538","G","C",-0.017,0.0024,{"v":2.5e-12,"d":"2.50E-12"},397338,0.2256,0.000126258,50.17335856]
["rs113338260","C","T",-0.0149,0.0025,{"v":2.2e-09,"d":"2.20E-09"},397338,0.2137,{"v":8.94e-05,"d":"8.94E-05"},35.5214212]
["rs4868800","T","G",0.0128,0.0021,{"v":8.2e-10,"d":"8.20E-10"},397338,0.6074,{"v":9.35e-05,"d":"9.35E-05"},37.15174043]
["rs72887338","C","T",-0.0163,0.0021,{"v":1.6e-14,"d":"1.60E-14"},397338,0.3688,0.000151604,60.24686228]
["rs9403187","T","A",0.0149,0.0022,{"v":1.7e-11,"d":"1.70E-11"},397338,0.3638,0.00011543,45.86960383]
["rs12204714","T","C",0.0275,0.0021,{"v":8.3e-38,"d":"8.30E-38"},397338,0.6799,0.000431399,171.4843976]
["rs12203592","T","C",0.014,0.0026,{"v":3.6e-08,"d":"3.60E-08"},397338,0.1163,{"v":7.3e-05,"d":"7.30E-05"},28.9939369]
["rs766406","T","G",0.0135,0.0021,{"v":5.2e-10,"d":"5.20E-10"},397338,0.6461,0.000103998,41.3263226]
["rs141547796","A","G",0.0324,0.0038,{"v":1.4e-17,"d":"1.40E-17"},397338,0.1133,0.000182929,72.69769502]
["rs4709807","C","T",-0.0138,0.0024,{"v":1e-08,"d":"1.00E-08"},397338,0.7694,{"v":8.32e-05,"d":"8.32E-05"},33.06233358]
["rs767943","A","C",-0.0171,0.0024,{"v":5.7e-13,"d":"5.70E-13"},397338,0.2873,0.000127748,50.76536947]
["rs222440","C","T",0.017,0.0027,{"v":4.9e-10,"d":"4.90E-10"},397338,0.7962,{"v":9.98e-05,"d":"9.98E-05"},39.64314751]
["rs3866460","C","T",0.019,0.0034,{"v":1.7e-08,"d":"1.70E-08"},397338,0.0209,{"v":7.86e-05,"d":"7.86E-05"},31.22821651]
["rs1925686","A","G",0.0123,0.0021,{"v":7.3e-09,"d":"7.30E-09"},397338,0.3718,{"v":8.63e-05,"d":"8.63E-05"},34.30594977]
["rs7452074","C","A",-0.0128,0.0021,{"v":4.9e-10,"d":"4.90E-10"},397338,0.5666,{"v":9.35e-05,"d":"9.35E-05"},37.15174043]
["rs6966769","G","A",0.0182,0.0033,{"v":1.9e-08,"d":"1.90E-08"},397338,0.1402,{"v":7.65e-05,"d":"7.65E-05"},30.41674313]
["rs215639","T","C",0.0131,0.0022,{"v":2.3e-09,"d":"2.30E-09"},397338,0.6789,{"v":8.92e-05,"d":"8.92E-05"},35.4564331]
["rs7804551","G","A",0.0226,0.0029,{"v":2.9e-15,"d":"2.90E-15"},397338,0.163,0.000152825,60.73215566]
["rs7783012","A","G",-0.0196,0.0021,{"v":1.4e-20,"d":"1.40E-20"},397338,0.5239,0.000219189,87.11067264]
["rs7785195","A","G",0.0142,0.0022,{"v":9.5e-11,"d":"9.50E-11"},397338,0.6571,0.00010484,41.66094732]
["rs62439690","A","G",-0.0155,0.0024,{"v":7.2e-11,"d":"7.20E-11"},397338,0.2515,0.000104963,41.7098595]
["rs35851551","G","A",-0.0247,0.0034,{"v":2.5e-13,"d":"2.50E-13"},397338,0.0736,0.000132806,52.77568591]
["rs113247159","C","T",0.0156,0.0024,{"v":1.1e-10,"d":"1.10E-10"},397338,0.3121,0.000106321,42.24978733]
["rs794375","C","T",0.0142,0.0021,{"v":1.4e-11,"d":"1.40E-11"},397338,0.4463,0.000115061,45.72312586]
["rs13307225","A","G",0.0218,0.0034,{"v":4.7e-11,"d":"4.70E-11"},397338,0.8986,0.000103455,41.11051971]
["rs6978112","T","C",-0.0158,0.0021,{"v":2.7e-14,"d":"2.70E-14"},397338,0.3956,0.000142447,56.60742482]
["rs4728298","A","T",-0.0219,0.0029,{"v":2.1e-14,"d":"2.10E-14"},397338,0.1769,0.000143506,57.0282504]
["rs58938116","T","G",-0.0175,0.0028,{"v":1.6e-10,"d":"1.60E-10"},397338,0.1799,{"v":9.83e-05,"d":"9.83E-05"},39.06230338]
["rs7008955","G","T",0.0116,0.0021,{"v":3.4e-08,"d":"3.40E-08"},397338,0.5229,{"v":7.68e-05,"d":"7.68E-05"},30.51231807]
["rs7824756","C","T",-0.0155,0.0023,{"v":2.8e-11,"d":"2.80E-11"},397338,0.2753,0.000114287,45.41565042]
["rs7815125","A","T",0.0179,0.0027,{"v":3.3e-11,"d":"3.30E-11"},397338,0.8598,0.000110604,43.95176779]
["rs1585634","C","G",-0.0146,0.0026,{"v":1.3e-08,"d":"1.30E-08"},397338,0.8121,{"v":7.94e-05,"d":"7.94E-05"},31.53238566]
["rs10104523","C","T",-0.0123,0.0021,{"v":6.7e-10,"d":"6.70E-10"},397338,0.5328,{"v":8.63e-05,"d":"8.63E-05"},34.30594977]
["rs13280592","G","C",-0.0134,0.0023,{"v":9.3e-09,"d":"9.30E-09"},397338,0.7425,{"v":8.54e-05,"d":"8.54E-05"},33.94311837]
["rs1991651","G","C",0.0182,0.0021,{"v":1.7e-17,"d":"1.70E-17"},397338,0.6203,0.000189,75.11073304]
["rs10955084","T","C",-0.0131,0.0021,{"v":2.5e-10,"d":"2.50E-10"},397338,0.5239,{"v":9.79e-05,"d":"9.79E-05"},38.91363633]
["rs2974311","A","G",0.0131,0.0021,{"v":2.7e-10,"d":"2.70E-10"},397338,0.496,{"v":9.79e-05,"d":"9.79E-05"},38.91363633]
["rs72674824","C","T",0.0137,0.0024,{"v":3.4e-08,"d":"3.40E-08"},397338,0.2982,{"v":8.2e-05,"d":"8.20E-05"},32.58490543]
["rs9643087","T","C",-0.0135,0.0021,{"v":9.4e-11,"d":"9.40E-11"},397338,0.5308,0.000103998,41.3263226]
["rs1547351","A","T",0.0123,0.0021,{"v":2e-08,"d":"2.00E-08"},397338,0.4085,{"v":8.63e-05,"d":"8.63E-05"},34.30594977]
["rs8180995","G","A",0.0122,0.0021,{"v":8.9e-10,"d":"8.90E-10"},397338,0.4622,{"v":8.49e-05,"d":"8.49E-05"},33.75039701]
["rs3447","G","C",0.0177,0.0029,{"v":3.7e-09,"d":"3.70E-09"},397338,0.1541,{"v":9.37e-05,"d":"9.37E-05"},37.25189335]
["rs10978435","C","T",-0.0151,0.0022,{"v":1.2e-11,"d":"1.20E-11"},397338,0.326,0.000118549,47.10926701]
["rs12376530","C","A",-0.0145,0.0024,{"v":7.9e-10,"d":"7.90E-10"},397338,0.2604,{"v":9.19e-05,"d":"9.19E-05"},36.50155238]
["rs12554512","C","T",0.0126,0.0021,{"v":1.2e-09,"d":"1.20E-09"},397338,0.4264,{"v":9.06e-05,"d":"9.06E-05"},35.99981879]
["rs10746578","G","A",0.0129,0.0022,{"v":5.4e-09,"d":"5.40E-09"},397338,0.327,{"v":8.65e-05,"d":"8.65E-05"},34.38205834]
["rs2176337","T","A",-0.0151,0.0022,{"v":1.1e-11,"d":"1.10E-11"},397338,0.327,0.000118549,47.10926701]
["rs10992812","A","G",0.0121,0.0022,{"v":1.7e-08,"d":"1.70E-08"},397338,0.3648,{"v":7.61e-05,"d":"7.61E-05"},30.24984774]
["rs4961705","C","G",0.013,0.0022,{"v":4.2e-09,"d":"4.20E-09"},397338,0.3459,{"v":8.79e-05,"d":"8.79E-05"},34.91717962]
["rs191242857","A","G",0.0125,0.0022,{"v":1.4e-08,"d":"1.40E-08"},397338,0.3082,{"v":8.12e-05,"d":"8.12E-05"},32.28289535]
["rs4246175","A","T",0.0144,0.0022,{"v":4.2e-11,"d":"4.20E-11"},397338,0.6809,0.000107813,42.84275956]
["rs2093623","A","G",0.0139,0.0021,{"v":4.5e-11,"d":"4.50E-11"},397338,0.4742,0.000110251,43.81157086]
["rs7091634","G","A",0.0125,0.0021,{"v":3.8e-09,"d":"3.80E-09"},397338,0.3708,{"v":8.92e-05,"d":"8.92E-05"},35.43066066]
["rs112880127","G","A",0.0151,0.0028,{"v":2.7e-08,"d":"2.70E-08"},397338,0.168,{"v":7.32e-05,"d":"7.32E-05"},29.08276177]
["rs7079070","A","G",-0.0165,0.0021,{"v":1.2e-15,"d":"1.20E-15"},397338,0.4294,0.000155347,61.73438314]
["rs7909331","G","A",-0.0156,0.0028,{"v":2.9e-08,"d":"2.90E-08"},397338,0.1541,{"v":7.81e-05,"d":"7.81E-05"},31.04066008]
["rs10749233","C","G",0.0175,0.0024,{"v":9.2e-13,"d":"9.20E-13"},397338,0.7455,0.000133794,53.16813515]
["rs2130894","T","C",0.0131,0.0024,{"v":1.7e-08,"d":"1.70E-08"},397338,0.2992,{"v":7.5e-05,"d":"7.50E-05"},29.79325281]
["rs2650705","G","A",-0.0166,0.0028,{"v":3.7e-09,"d":"3.70E-09"},397338,0.8628,{"v":8.85e-05,"d":"8.85E-05"},35.14778227]
["rs61856978","C","T",-0.0154,0.0022,{"v":5.7e-13,"d":"5.70E-13"},397338,0.3072,0.000123305,48.99975336]
["rs12244388","A","G",-0.0136,0.0022,{"v":5.8e-10,"d":"5.80E-10"},397338,0.3628,{"v":9.62e-05,"d":"9.62E-05"},38.21468368]
["rs3896224","G","A",0.0198,0.0021,{"v":2.7e-21,"d":"2.70E-21"},397338,0.4503,0.000223684,88.89751172]
["rs1866710","G","A",0.0148,0.0023,{"v":2.3e-10,"d":"2.30E-10"},397338,0.7207,0.000104199,41.4062188]
["rs34804222","G","A",0.0151,0.0021,{"v":1.9e-13,"d":"1.90E-13"},397338,0.3926,0.000130106,51.7026876]
["rs7476","C","A",-0.014,0.0022,{"v":5.6e-10,"d":"5.60E-10"},397338,0.325,0.000101908,40.49566393]
["rs12292980","A","G",-0.0127,0.0022,{"v":1.1e-08,"d":"1.10E-08"},397338,0.2942,{"v":8.39e-05,"d":"8.39E-05"},33.32421243]
["rs4439537","C","T",0.0132,0.0021,{"v":1.1e-10,"d":"1.10E-10"},397338,0.5477,{"v":9.94e-05,"d":"9.94E-05"},39.51000521]
["rs7110863","G","A",-0.0154,0.0021,{"v":5e-13,"d":"5.00E-13"},397338,0.4334,0.000135327,53.77750709]
["rs7942078","T","A",0.0161,0.0022,{"v":6.6e-14,"d":"6.60E-14"},397338,0.3439,0.000134768,53.55551555]
["rs590414","T","A",0.0135,0.0021,{"v":1.7e-10,"d":"1.70E-10"},397338,0.5089,0.000103998,41.3263226]
["rs7927195","G","A",-0.0152,0.0021,{"v":4.9e-13,"d":"4.90E-13"},397338,0.6282,0.000131835,52.38975897]
["rs112633616","C","A",0.0386,0.0058,{"v":5.2e-11,"d":"5.20E-11"},397338,0.0298,0.000111458,44.29109692]
["rs10880086","A","G",0.016,0.0025,{"v":1.3e-10,"d":"1.30E-10"},397338,0.1759,0.000103075,40.95979383]
["rs7955865","T","A",-0.0134,0.0022,{"v":8.4e-10,"d":"8.40E-10"},397338,0.663,{"v":9.34e-05,"d":"9.34E-05"},37.09898682]
["rs2279574","A","C",0.0119,0.0021,{"v":2.6e-08,"d":"2.60E-08"},397338,0.5557,{"v":8.08e-05,"d":"8.08E-05"},32.11094948]
["rs1995181","A","T",-0.0121,0.0021,{"v":4.5e-09,"d":"4.50E-09"},397338,0.4543,{"v":8.35e-05,"d":"8.35E-05"},33.19937938]
["rs7972441","A","C",-0.0149,0.0022,{"v":1.1e-11,"d":"1.10E-11"},397338,0.6511,0.00011543,45.86960383]
["rs9581878","A","T",0.0199,0.003,{"v":1.5e-10,"d":"1.50E-10"},397338,0.1551,0.000110727,44.00088963]
["rs9536994","C","A",0.0125,0.0022,{"v":4.2e-09,"d":"4.20E-09"},397338,0.3429,{"v":8.12e-05,"d":"8.12E-05"},32.28289535]
["rs2174752","T","G",-0.0128,0.0021,{"v":5.9e-10,"d":"5.90E-10"},397338,0.4225,{"v":9.35e-05,"d":"9.35E-05"},37.15174043]
["rs9514600","G","C",-0.0114,0.0021,{"v":2.4e-08,"d":"2.40E-08"},397338,0.506,{"v":7.42e-05,"d":"7.42E-05"},29.46923942]
["rs341521","A","G",-0.0159,0.0023,{"v":9e-13,"d":"9.00E-13"},397338,0.7028,0.000120261,47.78992958]
["rs9538248","A","C",-0.0159,0.0022,{"v":3e-13,"d":"3.00E-13"},397338,0.331,0.000131441,52.23320816]
["rs12147463","A","G",-0.0202,0.0026,{"v":3.6e-14,"d":"3.60E-14"},397338,0.163,0.00015189,60.36064292]
["rs12878359","C","A",0.0134,0.0021,{"v":5.3e-10,"d":"5.30E-10"},397338,0.5249,0.000102463,40.71634834]
["rs10144067","T","C",-0.0131,0.0021,{"v":1.6e-09,"d":"1.60E-09"},397338,0.6064,{"v":9.79e-05,"d":"9.79E-05"},38.91363633]
["rs7151954","G","A",-0.0208,0.0026,{"v":4e-16,"d":"4.00E-16"},397338,0.2167,0.000161046,63.99967786]
["rs4569188","A","G",-0.0135,0.0022,{"v":1.3e-09,"d":"1.30E-09"},397338,0.6809,{"v":9.48e-05,"d":"9.48E-05"},37.65476914]
["rs74737734","T","A",0.0353,0.0064,{"v":2.7e-08,"d":"2.70E-08"},397338,0.0129,{"v":7.66e-05,"d":"7.66E-05"},30.42196601]
["rs3007104","A","G",-0.0148,0.0021,{"v":1.5e-12,"d":"1.50E-12"},397338,0.4115,0.000124989,49.66868423]
["rs28929474","T","C",0.0416,0.0074,{"v":1.2e-08,"d":"1.20E-08"},397338,0.0169,{"v":7.95e-05,"d":"7.95E-05"},31.60247058]
["rs7152323","G","A",-0.0156,0.0021,{"v":3.1e-13,"d":"3.10E-13"},397338,0.4404,0.000138864,55.1833957]
["rs783544","C","A",0.0148,0.0024,{"v":3.5e-10,"d":"3.50E-10"},397338,0.7594,{"v":9.57e-05,"d":"9.57E-05"},38.02758637]
["rs4702","A","G",0.0172,0.0021,{"v":1.1e-16,"d":"1.10E-16"},397338,0.5626,0.000168805,67.08356256]
["rs12907546","A","G",-0.0227,0.0025,{"v":2.1e-19,"d":"2.10E-19"},397338,0.2068,0.000207454,82.44598501]
["rs7167444","T","G",-0.0138,0.0024,{"v":8.1e-09,"d":"8.10E-09"},397338,0.2485,{"v":8.32e-05,"d":"8.32E-05"},33.06233358]
["rs9923553","G","A",-0.0139,0.0023,{"v":3.8e-10,"d":"3.80E-10"},397338,0.2793,{"v":9.19e-05,"d":"9.19E-05"},36.52344565]
["rs6564268","G","C",0.0266,0.0045,{"v":5.5e-09,"d":"5.50E-09"},397338,0.0527,{"v":8.79e-05,"d":"8.79E-05"},34.94105869]
["rs763053","C","T",0.0163,0.0025,{"v":4.9e-11,"d":"4.90E-11"},397338,0.2674,0.000106977,42.51018602]
["rs7201310","A","C",0.0121,0.0023,{"v":2.7e-08,"d":"2.70E-08"},397338,0.6988,{"v":6.97e-05,"d":"6.97E-05"},27.67660927]
["rs7188873","G","A",-0.0146,0.0021,{"v":5.8e-12,"d":"5.80E-12"},397338,0.6173,0.000121634,48.33535761]
["rs76513770","C","T",0.024,0.0031,{"v":4.9e-15,"d":"4.90E-15"},397338,0.1103,0.000150825,59.93726334]
["rs11866420","G","C",-0.0168,0.0021,{"v":7.6e-16,"d":"7.60E-16"},397338,0.66,0.000161046,63.99967786]
["rs12448731","T","C",-0.0179,0.003,{"v":2.1e-09,"d":"2.10E-09"},397338,0.1342,{"v":8.96e-05,"d":"8.96E-05"},35.60093191]
["rs28406364","T","C",-0.0165,0.0021,{"v":8.1e-15,"d":"8.10E-15"},397338,0.3757,0.000155347,61.73438314]
["rs410520","T","C",0.0113,0.0021,{"v":4.6e-08,"d":"4.60E-08"},397338,0.5149,{"v":7.29e-05,"d":"7.29E-05"},28.95450278]
["rs6504551","G","T",-0.0149,0.0023,{"v":1.1e-10,"d":"1.10E-10"},397338,0.2684,0.000105611,41.96765265]
["rs7503604","A","C",0.0129,0.0021,{"v":6.1e-10,"d":"6.10E-10"},397338,0.4911,{"v":9.5e-05,"d":"9.50E-05"},37.73450394]
["rs592278","A","G",-0.0125,0.0021,{"v":3.4e-09,"d":"3.40E-09"},397338,0.4324,{"v":8.92e-05,"d":"8.92E-05"},35.43066066]
["rs7236339","A","G",-0.0201,0.0025,{"v":3.9e-16,"d":"3.90E-16"},397338,0.1839,0.00016266,64.64127463]
["rs34155040","T","C",0.0142,0.0021,{"v":1.8e-11,"d":"1.80E-11"},397338,0.4404,0.000115061,45.72312586]
["rs10469020","T","A",0.0217,0.0038,{"v":1.5e-08,"d":"1.50E-08"},397338,0.0875,{"v":8.21e-05,"d":"8.21E-05"},32.60994666]
["rs10871582","T","G",-0.0153,0.0022,{"v":1.3e-12,"d":"1.30E-12"},397338,0.3499,0.00012171,48.36545903]
["rs4800204","T","C",-0.0125,0.0021,{"v":4.6e-09,"d":"4.60E-09"},397338,0.5865,{"v":8.92e-05,"d":"8.92E-05"},35.43066066]
["rs10853981","A","G",-0.0123,0.0022,{"v":1e-08,"d":"1.00E-08"},397338,0.3519,{"v":7.87e-05,"d":"7.87E-05"},31.25810712]
["rs807478","G","A",0.0122,0.0021,{"v":1.9e-09,"d":"1.90E-09"},397338,0.504,{"v":8.49e-05,"d":"8.49E-05"},33.75039701]
["rs1609598","T","C",-0.0122,0.0022,{"v":3.3e-08,"d":"3.30E-08"},397338,0.3141,{"v":7.74e-05,"d":"7.74E-05"},30.75191133]
["rs4809230","A","G",0.0231,0.0039,{"v":2.5e-09,"d":"2.50E-09"},397338,0.0726,{"v":8.83e-05,"d":"8.83E-05"},35.08266365]
["rs117831144","T","C",-0.0356,0.0064,{"v":3.4e-08,"d":"3.40E-08"},397338,0.0179,{"v":7.79e-05,"d":"7.79E-05"},30.94125051]
["rs6058613","G","C",-0.0171,0.0028,{"v":1.8e-09,"d":"1.80E-09"},397338,0.8688,{"v":9.39e-05,"d":"9.39E-05"},37.29700614]
["rs6517512","G","A",-0.0275,0.005,{"v":3.2e-08,"d":"3.20E-08"},397338,0.9612,{"v":7.61e-05,"d":"7.61E-05"},30.24984774]
["Age at first birth"]
["rs2069278","C","T",-0.0592,0.0105,{"v":1.87e-08,"d":"1.87E-08"},418758,0.33,{"v":7.59e-05,"d":"7.59E-05"},31.78796609]
["rs72694234","G","T",-0.0777,0.0108,{"v":7.01e-13,"d":"7.01E-13"},418758,0.2913,0.000123588,51.75978366]
["rs7516843","G","A",0.0623,0.0105,{"v":3.37e-09,"d":"3.37E-09"},418758,0.3648,{"v":8.41e-05,"d":"8.41E-05"},35.20427631]
["rs3767654","G","T",0.0724,0.0125,{"v":6.16e-09,"d":"6.16E-09"},418758,0.1541,{"v":8.01e-05,"d":"8.01E-05"},33.54710378]
["rs2906457","C","A",0.0677,0.0112,{"v":1.43e-09,"d":"1.43E-09"},418758,0.6948,{"v":8.72e-05,"d":"8.72E-05"},36.53753277]
["rs10922907","T","A",0.0587,0.0101,{"v":6.68e-09,"d":"6.68E-09"},418758,0.503,{"v":8.07e-05,"d":"8.07E-05"},33.77780162]
["rs12407439","G","A",0.0876,0.0151,{"v":6.86e-09,"d":"6.86E-09"},418758,0.1551,{"v":8.04e-05,"d":"8.04E-05"},33.65520525]
["rs11887646","G","A",0.077,0.0121,{"v":2.14e-10,"d":"2.14E-10"},418758,0.2634,{"v":9.67e-05,"d":"9.67E-05"},40.49567436]
["rs1106090","A","G",0.0606,0.0102,{"v":2.82e-09,"d":"2.82E-09"},418758,0.6133,{"v":8.43e-05,"d":"8.43E-05"},35.29740927]
["rs7562372","C","T",0.0627,0.0103,{"v":9.55e-10,"d":"9.55E-10"},418758,0.6799,{"v":8.85e-05,"d":"8.85E-05"},37.05600173]
["rs13425787","G","A",-0.071,0.0102,{"v":2.8e-12,"d":"2.80E-12"},418758,0.5119,0.000115692,48.45228685]
["rs112282597","G","A",0.0703,0.0122,{"v":8.37e-09,"d":"8.37E-09"},418758,0.2485,{"v":7.93e-05,"d":"7.93E-05"},33.20388603]
["rs72779695","T","C",-0.087,0.0158,{"v":3.76e-08,"d":"3.76E-08"},418758,0.1113,{"v":7.24e-05,"d":"7.24E-05"},30.3195155]
["rs359240","A","G",-0.0788,0.0103,{"v":1.58e-14,"d":"1.58E-14"},418758,0.5924,0.000139751,58.52964788]
["rs73989464","G","A",0.075,0.0132,{"v":1.2e-08,"d":"1.20E-08"},418758,0.167,{"v":7.71e-05,"d":"7.71E-05"},32.28290367]
["rs1516198","G","A",-0.0741,0.0135,{"v":4.22e-08,"d":"4.22E-08"},418758,0.8559,{"v":7.19e-05,"d":"7.19E-05"},30.12775734]
["rs80153284","A","C",0.2459,0.0439,{"v":2.17e-08,"d":"2.17E-08"},418758,0.0139,{"v":7.49e-05,"d":"7.49E-05"},31.37515954]
["rs13319205","A","T",-0.0667,0.0115,{"v":7.45e-09,"d":"7.45E-09"},418758,0.2922,{"v":8.03e-05,"d":"8.03E-05"},33.63983933]
["rs1376961","T","C",0.0718,0.0125,{"v":9.46e-09,"d":"9.46E-09"},418758,0.8002,{"v":7.88e-05,"d":"7.88E-05"},32.99337842]
["rs9814726","A","T",0.0616,0.0102,{"v":1.84e-09,"d":"1.84E-09"},418758,0.4245,{"v":8.71e-05,"d":"8.71E-05"},36.47195191]
["rs2681780","T","C",-0.12,0.0101,{"v":7.52e-33,"d":"7.52E-33"},418758,0.4901,0.000336985,141.1619569]
["rs11915934","G","A",-0.0826,0.0133,{"v":4.75e-10,"d":"4.75E-10"},418758,0.831,{"v":9.21e-05,"d":"9.21E-05"},38.5704529]
["rs362307","T","C",-0.1263,0.0194,{"v":7.93e-11,"d":"7.93E-11"},418758,0.0626,0.000101204,42.38392447]
["rs17314804","T","C",0.0736,0.0103,{"v":7.79e-13,"d":"7.79E-13"},418758,0.3479,0.000121917,51.0597995]
["rs329122","A","G",0.0573,0.0102,{"v":1.9e-08,"d":"1.90E-08"},418758,0.4274,{"v":7.54e-05,"d":"7.54E-05"},31.55780776]
["rs12153189","G","C",0.0879,0.0134,{"v":4.51e-11,"d":"4.51E-11"},418758,0.175,0.000102745,43.02947816]
["rs1445979","A","T",-0.0561,0.0101,{"v":2.65e-08,"d":"2.65E-08"},418758,0.3966,{"v":7.37e-05,"d":"7.37E-05"},30.85182795]
["rs3096695","C","G",-0.0824,0.0141,{"v":4.83e-09,"d":"4.83E-09"},418758,0.8936,{"v":8.15e-05,"d":"8.15E-05"},34.15184132]
["rs10807138","A","G",0.0718,0.0131,{"v":4.49e-08,"d":"4.49E-08"},418758,0.8042,{"v":7.17e-05,"d":"7.17E-05"},30.04029706]
["rs9388090","T","C",0.0672,0.0107,{"v":3.81e-10,"d":"3.81E-10"},418758,0.4066,{"v":9.42e-05,"d":"9.42E-05"},39.44290709]
["rs11155364","A","C",-0.087,0.0156,{"v":2.36e-08,"d":"2.36E-08"},418758,0.1252,{"v":7.43e-05,"d":"7.43E-05"},31.10192246]
["rs2347867","A","G",0.0858,0.0103,{"v":6.74e-17,"d":"6.74E-17"},418758,0.6839,0.000165678,69.39018607]
["rs55988458","A","G",0.0791,0.0129,{"v":9.46e-10,"d":"9.46E-10"},418758,0.2127,{"v":8.98e-05,"d":"8.98E-05"},37.59858252]
["rs2009182","C","T",0.0704,0.0118,{"v":2.76e-09,"d":"2.76E-09"},418758,0.7147,{"v":8.5e-05,"d":"8.50E-05"},35.59419943]
["rs1859100","G","T",-0.0614,0.0103,{"v":2.09e-09,"d":"2.09E-09"},418758,0.5318,{"v":8.49e-05,"d":"8.49E-05"},35.53531902]
["rs6964957","T","C",0.0583,0.0102,{"v":9.87e-09,"d":"9.87E-09"},418758,0.3748,{"v":7.8e-05,"d":"7.80E-05"},32.66891356]
["rs10111950","G","C",0.0623,0.0105,{"v":3.26e-09,"d":"3.26E-09"},418758,0.5179,{"v":8.41e-05,"d":"8.41E-05"},35.20427631]
["rs11774212","T","C",0.0661,0.0105,{"v":3.04e-10,"d":"3.04E-10"},418758,0.498,{"v":9.46e-05,"d":"9.46E-05"},39.6298334]
["rs7865801","A","G",0.0651,0.0105,{"v":6.38e-10,"d":"6.38E-10"},418758,0.6074,{"v":9.18e-05,"d":"9.18E-05"},38.43981641]
["rs1590949","G","C",0.069,0.0103,{"v":2.14e-11,"d":"2.14E-11"},418758,0.4324,0.000107155,44.8767769]
["rs12250380","G","A",0.063,0.01,{"v":2.56e-10,"d":"2.56E-10"},418758,0.6054,{"v":9.48e-05,"d":"9.48E-05"},39.68981044]
["rs6585429","G","A",0.0956,0.0134,{"v":9.03e-13,"d":"9.03E-13"},418758,0.8072,0.000121532,50.89839803]
["rs11031006","A","G",0.0882,0.0141,{"v":3.77e-10,"d":"3.77E-10"},418758,0.1412,{"v":9.34e-05,"d":"9.34E-05"},39.12883077]
["rs7481939","G","A",0.0575,0.0105,{"v":4.74e-08,"d":"4.74E-08"},418758,0.3439,{"v":7.16e-05,"d":"7.16E-05"},29.9885189]
["rs12815479","T","C",0.1079,0.0188,{"v":9.89e-09,"d":"9.89E-09"},418758,0.0795,{"v":7.87e-05,"d":"7.87E-05"},32.94011542]
["rs1702877","T","C",0.0628,0.0107,{"v":3.9e-09,"d":"3.90E-09"},418758,0.327,{"v":8.23e-05,"d":"8.23E-05"},34.44686142]
["rs7958796","T","A",-0.0801,0.011,{"v":3.81e-13,"d":"3.81E-13"},418758,0.6511,0.000126608,53.02462278]
["rs78702863","T","C",-0.1046,0.0178,{"v":4.37e-09,"d":"4.37E-09"},418758,0.1014,{"v":8.25e-05,"d":"8.25E-05"},34.53196486]
["rs176223","C","T",0.0898,0.0149,{"v":1.82e-09,"d":"1.82E-09"},418758,0.8678,{"v":8.67e-05,"d":"8.67E-05"},36.32269486]
["rs2332818","C","T",-0.0647,0.0114,{"v":1.45e-08,"d":"1.45E-08"},418758,0.7237,{"v":7.69e-05,"d":"7.69E-05"},32.21044942]
["rs72704712","G","T",-0.1001,0.0146,{"v":6.62e-12,"d":"6.62E-12"},418758,0.1879,0.000112241,47.00676555]
["rs1950402","G","A",-0.0677,0.0115,{"v":3.66e-09,"d":"3.66E-09"},418758,0.7346,{"v":8.28e-05,"d":"8.28E-05"},34.65609157]
["rs6574018","T","G",0.0601,0.0109,{"v":3.24e-08,"d":"3.24E-08"},418758,0.339,{"v":7.26e-05,"d":"7.26E-05"},30.40142033]
["rs8027457","C","T",-0.0538,0.0098,{"v":4.53e-08,"d":"4.53E-08"},418758,0.5129,{"v":7.2e-05,"d":"7.20E-05"},30.13771529]
["rs1452378","C","T",0.0753,0.0135,{"v":2.56e-08,"d":"2.56E-08"},418758,0.837,{"v":7.43e-05,"d":"7.43E-05"},31.11145635]
["rs11646744","T","G",-0.0749,0.0121,{"v":7.13e-10,"d":"7.13E-10"},418758,0.7068,{"v":9.15e-05,"d":"9.15E-05"},38.31694014]
["rs77576048","T","C",0.0995,0.018,{"v":2.94e-08,"d":"2.94E-08"},418758,0.0596,{"v":7.3e-05,"d":"7.30E-05"},30.55618122]
["rs10445366","C","G",-0.0888,0.0149,{"v":2.61e-09,"d":"2.61E-09"},418758,0.2028,{"v":8.48e-05,"d":"8.48E-05"},35.51823044]
["rs7359501","T","C",0.0625,0.0102,{"v":1.01e-09,"d":"1.01E-09"},418758,0.3787,{"v":8.97e-05,"d":"8.97E-05"},37.5454762]
["rs590076","A","G",-0.0665,0.0103,{"v":1.06e-10,"d":"1.06E-10"},418758,0.3519,{"v":9.95e-05,"d":"9.95E-05"},41.68374851]
["rs4799950","G","C",0.0631,0.0109,{"v":7.82e-09,"d":"7.82E-09"},418758,0.6531,{"v":8e-05,"d":"8.00E-05"},33.51225472]
["rs60222682","T","C",-0.0724,0.0127,{"v":1.21e-08,"d":"1.21E-08"},418758,0.16,{"v":7.76e-05,"d":"7.76E-05"},32.49882178]
["rs8110682","C","T",0.0873,0.0119,{"v":2.59e-13,"d":"2.59E-13"},418758,0.3658,0.000128504,53.81861168]
["rs293566","C","T",-0.071,0.0108,{"v":4.42e-11,"d":"4.42E-11"},418758,0.3141,0.000103196,43.21824352]
["rs6079584","C","A",0.0549,0.01,{"v":3.55e-08,"d":"3.55E-08"},418758,0.4185,{"v":7.2e-05,"d":"7.20E-05"},30.13995605]
["rs6030812","A","G",0.0699,0.0128,{"v":4.93e-08,"d":"4.93E-08"},418758,0.8151,{"v":7.12e-05,"d":"7.12E-05"},29.82169595]
["rs394608","C","T",-0.0573,0.0102,{"v":1.82e-08,"d":"1.82E-08"},418758,0.5447,{"v":7.54e-05,"d":"7.54E-05"},31.55780776]
["potential mediators "]
["fasting insulin"]
["rs1260326","C","T",0.019,0.0032,{"v":5.88e-09,"d":"5.88E-09"},51750,0.5895,0.001360616,70.50508756]
["rs1167800","A","G",0.02,0.0036,{"v":2.4e-08,"d":"2.40E-08"},51750,0.5398,0.001191398,61.72600942]
["rs9987289","G","A",-0.03,0.005,{"v":1.65e-09,"d":"1.65E-09"},51750,0.9254,0.001389371,71.99721739]
["rs2114912","T","G",0.026,0.0041,{"v":3.72e-10,"d":"3.72E-10"},51750,0.8151,0.001551759,80.42520814]
["body mass index"]
["rs543874","G","A",0.054,0.0078,{"v":7.11e-12,"d":"7.11E-12"},67955,0.1869,0.001408623,95.85516695]
["rs7531118","C","T",0.038,0.0064,{"v":3.04e-09,"d":"3.04E-09"},67951,0.5537,0.001036552,70.50573725]
["rs713586","C","T",0.034,0.0062,{"v":3.03e-08,"d":"3.03E-08"},67886,0.4702,0.000885196,60.14390962]
["rs2860323","G","A",0.071,0.0082,{"v":1.09e-17,"d":"1.09E-17"},64908,0.831,0.002304723,149.9358915]
["rs9816226","T","A",0.045,0.008,{"v":2.53e-08,"d":"2.53E-08"},67954,0.8121,0.00093037,63.27938753]
["rs10938397","G","A",0.046,0.0065,{"v":1.05e-12,"d":"1.05E-12"},67949,0.4205,0.00147196,100.1627322]
["rs2206277","T","C",0.052,0.008,{"v":1.17e-10,"d":"1.17E-10"},67956,0.1819,0.001241907,84.4975131]
["rs10767664","A","T",0.044,0.0075,{"v":2.84e-09,"d":"2.84E-09"},67957,0.7654,0.001011903,68.8335297]
["rs1421085","C","T",0.076,0.0063,{"v":6e-34,"d":"6.00E-34"},67938,0.4324,0.004265861,291.0471133]
["rs6567160","C","T",0.055,0.0073,{"v":3.07e-14,"d":"3.07E-14"},67956,0.2396,0.00166785,113.5264016]
["rs6091540","T","C",-0.041,0.0068,{"v":1.78e-09,"d":"1.78E-09"},67956,0.2714,0.001068778,72.70547261]
["ever smoked"]
["rs12731986","T","C",-0.0121,0.0022,{"v":2.17e-08,"d":"2.17E-08"},108736,0.5646,0.000278119,30.24944361]
["rs9287372","G","A",-0.0148,0.0021,{"v":4.05e-12,"d":"4.05E-12"},106399,0.505,0.0004666,49.66800061]
["rs846184","T","C",0.0179,0.0032,{"v":1.54e-08,"d":"1.54E-08"},108736,0.8787,0.000287679,31.28946354]
["rs7829715","C","T",-0.0125,0.0021,{"v":4.12e-09,"d":"4.12E-09"},106399,0.5606,0.000332889,35.430173]
["rs2011487","A","C",-0.0142,0.0021,{"v":3.96e-11,"d":"3.96E-11"},105097,0.5119,0.000434869,45.72248589]
["rs12874797","T","C",-0.0194,0.0034,{"v":1.06e-08,"d":"1.06E-08"},107377,0.1203,0.000303112,32.55648702]
["number of cigarettes previously smoked"]
["rs10034519","C","A",-0.0221156,0.0044729,{"v":7.66e-07,"d":"7.66E-07"},78291,0.5736,0.000624117,48.89201949]
["rs806795","A","G",-0.0227267,0.00435152,{"v":1.77e-07,"d":"1.77E-07"},78291,0.5328,0.000696316,54.55187617]
["rs145164578","T","C",-0.0652059,0.0137307,{"v":2.05e-06,"d":"2.05E-06"},78291,0.0278,0.00057578,45.10319751]
["rs17132719","G","A",0.0415067,0.00827024,{"v":5.21e-07,"d":"5.21E-07"},78291,0.0865,0.000643041,50.37546727]
["rs11986483","C","A",0.0214976,0.00437867,{"v":9.14e-07,"d":"9.14E-07"},78291,0.4463,0.000615384,48.20747953]
["rs2162119","C","T",-0.0219996,0.00435209,{"v":4.31e-07,"d":"4.31E-07"},78291,0.4871,0.000652332,51.10374582]
["rs6987704","C","T",0.0315761,0.00540424,{"v":5.15e-09,"d":"5.15E-09"},78291,0.7962,0.000871339,68.27577264]
["rs113864525","A","C",0.0362543,0.00677878,{"v":8.91e-08,"d":"8.91E-08"},78291,0.0915,0.000730158,57.205116]
["rs157989","T","C",-0.0214833,0.00458176,{"v":2.75e-06,"d":"2.75E-06"},78291,0.2922,0.000561321,43.96997459]
["rs7105159","T","G",0.0277273,0.00586916,{"v":2.31e-06,"d":"2.31E-06"},78291,0.1511,0.000569815,44.63568107]
["rs1990322","A","G",-0.0244717,0.00485452,{"v":4.64e-07,"d":"4.64E-07"},78291,0.7008,0.000648742,50.82233233]
["rs78065402","T","C",0.0714735,0.0151716,{"v":2.47e-06,"d":"2.47E-06"},78291,0.0179,0.00056663,44.38602286]
["rs4773395","G","A",-0.0206463,0.00437644,{"v":2.39e-06,"d":"2.39E-06"},78291,0.5338,0.000568216,44.51039114]
["rs4903716","A","C",0.0228542,0.00437012,{"v":1.7e-07,"d":"1.70E-07"},78291,0.5666,0.000698168,54.69709023]
["rs72666610","A","G",-0.0838707,0.0179676,{"v":3.05e-06,"d":"3.05E-06"},78291,0.0189,0.00055631,43.57719735]
["rs143600788","G","T",-0.0914745,0.0189901,{"v":1.46e-06,"d":"1.46E-06"},78291,0.0109,0.000592388,46.40496895]
["rs58365910","C","T",0.0856683,0.00458587,{"v":1.05e-77,"d":"1.05E-77"},78291,0.3748,0.008836097,697.9361934]
["rs12445830","A","G",0.0349166,0.00762643,{"v":4.69e-06,"d":"4.69E-06"},78291,0.9125,0.000535189,41.92182877]
["rs12973796","A","G",0.022677,0.00453975,{"v":5.89e-07,"d":"5.89E-07"},78291,0.331,0.000637014,49.90295081]
["rs56113850","C","T",0.0528076,0.0043994,{"v":3.65e-33,"d":"3.65E-33"},78291,0.5924,0.003667149,288.1541379]
["rs113557544","T","C",-0.0699001,0.0137205,{"v":3.5e-07,"d":"3.50E-07"},78291,0.0258,0.000662592,51.90803861]
["never smoked"]
["rs7732397","G","A",0.0140259,0.00252453,{"v":2.77e-08,"d":"2.77E-08"},91353,0.6541,0.000675327,61.73349884]
["rs1425730","C","G",0.0140605,0.00242091,{"v":6.35e-09,"d":"6.35E-09"},91353,0.4314,0.000737957,67.46285684]
["rs55986679","T","A",0.0162044,0.00284104,{"v":1.18e-08,"d":"1.18E-08"},91353,0.1879,0.00071172,65.06264293]
["rs10786721","A","C",-0.0148367,0.00232366,{"v":1.72e-10,"d":"1.72E-10"},91353,0.4165,0.000891762,81.53610365]
["rs113332425","AAAAT","A",-0.0213406,0.00234391,{"v":8.82e-20,"d":"8.82E-20"},91353,0.4364,0.001811553,165.7875353]
["age started smoking"]
["rs141576112","A","G",0.168991,0.0335849,{"v":4.9e-07,"d":"4.90E-07"},35702,0.0129,0.001416319,50.634287]
["rs2556377","A","G",-0.0470051,0.0100155,{"v":2.7e-06,"d":"2.70E-06"},35702,0.8131,0.001232386,44.05045082]
["rs6797530","A","G",-0.0369013,0.00806956,{"v":4.8e-06,"d":"4.80E-06"},35702,0.325,0.001170072,41.82050651]
["rs11724488","G","A",0.0372889,0.00744429,{"v":5.5e-07,"d":"5.50E-07"},35702,0.4592,0.001403589,50.17856578]
["rs114507870","T","C",0.131241,0.0262466,{"v":5.7e-07,"d":"5.70E-07"},35702,0.0139,0.001398693,50.00329491]
["rs7724465","G","A",-0.069459,0.014718,{"v":2.4e-06,"d":"2.40E-06"},35702,0.9235,0.001246107,44.54152907]
["rs2940561","T","C",0.119013,0.026014,{"v":4.8e-06,"d":"4.80E-06"},35702,0.9811,0.001171125,41.85816637]
["rs4946687","G","C",-0.036555,0.00746899,{"v":9.9e-07,"d":"9.90E-07"},35702,0.5467,0.001340062,47.904409]
["rs77520944","A","G",-0.118545,0.0243106,{"v":1.1e-06,"d":"1.10E-06"},35702,0.0298,0.001330254,47.55331449]
["rs78776816","A","G",0.12751,0.0275484,{"v":3.7e-06,"d":"3.70E-06"},35702,0.0249,0.001198705,42.84512331]
["rs2128076","C","G",0.160621,0.0334237,{"v":1.5e-06,"d":"1.50E-06"},35702,0.0109,0.001292027,46.18503402]
["rs10979754","C","T",-0.0419407,0.00873038,{"v":1.6e-06,"d":"1.60E-06"},35702,0.2465,0.001291164,46.15414614]
["rs11223140","C","G",-0.0742546,0.0152431,{"v":1.1e-06,"d":"1.10E-06"},35702,0.0696,0.00132758,47.45760251]
["rs1631283","C","G",-0.145529,0.031284,{"v":3.3e-06,"d":"3.30E-06"},35702,0.0219,0.001210782,43.27730437]
["rs4274224","A","G",-0.03426,0.00741348,{"v":3.8e-06,"d":"3.80E-06"},35702,0.5447,0.001194947,42.71064626]
["rs117828799","G","A",0.151778,0.0307956,{"v":8.3e-07,"d":"8.30E-07"},35702,0.0189,0.001358899,48.57870996]
["rs72963749","C","G",-0.0582466,0.011956,{"v":1.1e-06,"d":"1.10E-06"},35702,0.0835,0.001327791,47.46516693]
["rs5757289","T","G",0.0370632,0.00791148,{"v":2.8e-06,"d":"2.80E-06"},35702,0.2843,0.001227932,43.89105534]